| 000 | 00698cam a22002413a 4500 | ||
|---|---|---|---|
| 001 | 18824 | ||
| 003 | PGUSA | ||
| 005 | 20140828083411.0 | ||
| 008 | 060713s2006||||xxu|||||s|||||000 | eng d | ||
| 040 |
_aPGUSA _beng |
||
| 042 | _adc | ||
| 050 | 4 | _aPZ | |
| 100 | 1 |
_aFrost, William Henry, _d1863-1902 |
|
| 245 | 1 | 0 |
_aFairies and Folk of Ireland _h[electronic resource] / _cWilliam Henry Frost |
| 260 |
_bProject Gutenberg, _c2006 |
||
| 506 | _aPublic domain in the USA. | ||
| 516 | _aElectronic text | ||
| 653 | _aFolklore -- Ireland | ||
| 700 | 1 |
_aBurleigh, Sydney Richmond, _d1853-1931 |
|
| 830 | 0 |
_aProject Gutenberg _v18824 |
|
| 856 | 4 | 0 | _uhttp://www.gutenberg.org/ebooks/18824 |
| 942 | _cEB | ||
| 999 |
_c248079 _d248079 |
||